[Event "Z19"]
[Site "Vinkovci"]
[Date "2017.07.25"]
[Round "2.3"]
[White "Vukajlovic, Zorana"]
[Black "Blazeka, Mihaela"]
[Result "1/2-1/2"]
[WhiteElo "1748"]
[BlackElo "2101"]
[PlyCount "66"]
[EventDate "2017.07.24"]

1. e4 d5 2. exd5 Qxd5 3. Nc3 Qa5 4. d4 c6 5. Nf3 Nf6 6. Bd2 Bf5 7. Bc4 e6 8.
O-O Qc7 9. h3 h6 10. Re1 Bd6 11. a3 O-O 12. Na2 a5 13. Nc1 Nbd7 14. Bd3 Bxd3
15. Nxd3 c5 16. dxc5 Nxc5 17. Nxc5 Bxc5 18. Be3 Qb6 19. Bd4 Rac8 20. Rb1 Rfd8
21. c3 Nd5 22. Bxc5 Rxc5 23. Qe2 Rdc8 24. Ne5 Qc7 25. c4 f6 26. cxd5 fxe5 27.
dxe6 Qb6 28. Qf3 R8c7 29. Qf5 Re7 30. Rxe5 Rxe5 31. Qxe5 Rxe6 32. Qd5 Kh7 33.
Qd3+ Kg8 1/2-1/2

[Event "Z19"]
[Site "Vinkovci"]
[Date "2017.07.26"]
[Round "3.1"]
[White "Batory, Lucija"]
[Black "Vukajlovic, Zorana"]
[Result "1/2-1/2"]
[WhiteElo "1738"]
[BlackElo "1748"]
[PlyCount "72"]
[EventDate "2017.07.24"]

1. e4 e5 2. Nf3 Nc6 3. Bb5 Nf6 4. d3 Bc5 5. O-O d6 6. c3 O-O 7. Re1 Bd7 8. Nbd2
a6 9. Ba4 Re8 10. Nf1 Ne7 11. Bb3 h6 12. Ng3 Ng6 13. d4 exd4 14. cxd4 Bb6 15.
Bd2 Be6 16. Bc2 Bd7 17. Rc1 Bg4 18. Bc3 c6 19. h3 Bxf3 20. Qxf3 Nh4 21. Qf4 Ng6
22. Qd2 Qc7 23. Nf5 Ne7 24. Nxd6 Qxd6 25. e5 Qe6 26. exf6 Qxf6 27. d5 Qd6 28.
dxc6 Qxd2 29. Bxd2 Nxc6 30. Be4 Rac8 31. b3 Rcd8 32. Bf4 Rd4 33. Bxc6 Rxe1+ 34.
Rxe1 Rxf4 35. Re8+ Kh7 36. Bf3 Bc5 1/2-1/2

[Event "Z19"]
[Site "Vinkovci"]
[Date "2017.07.26"]
[Round "3.2"]
[White "Petricevic, Marija"]
[Black "Roklicer, Heike"]
[Result "0-1"]
[WhiteElo "1610"]
[BlackElo "2036"]
[PlyCount "75"]
[EventDate "2017.07.24"]

1. d4 Nf6 2. Nf3 g6 3. Nc3 d5 4. Bf4 Bg7 5. e3 O-O 6. Be2 c5 7. O-O cxd4 8.
exd4 Nc6 9. Qd2 Ne4 10. Qe3 Bf5 11. Bh6 Nxc3 12. bxc3 Bxc2 13. Rac1 Bf5 14.
Bxg7 Kxg7 15. c4 Bg4 16. Rfd1 e6 17. Ne5 Bxe2 18. Qxe2 Rc8 19. Nxc6 Rxc6 20.
cxd5 Rxc1 21. Rxc1 Qxd5 22. Qe5+ Qxe5 23. dxe5 Rd8 24. Kf1 Rd7 25. Ke2 Rd5 26.
f4 Ra5 27. Rc2 g5 28. g3 Kg6 29. Ke3 b6 30. Rd2 h6 31. Kf3 gxf4 32. gxf4 Kf5
33. Ke3 Ra3+ 34. Kd4 Kxf4 35. Rf2+ Rf3 36. Rc2 Rf1 37. Rc7 Rd1+ 38. Kc4 0-1

[Event "Z19"]
[Site "Vinkovci"]
[Date "2017.07.27"]
[Round "4.3"]
[White "Blazeka, Mihaela"]
[Black "Batory, Lucija"]
[Result "1-0"]
[WhiteElo "2101"]
[BlackElo "1738"]
[PlyCount "71"]
[EventDate "2017.07.24"]

1. e4 c5 2. Ne2 g6 3. Nbc3 Bg7 4. g3 Nc6 5. Bg2 e6 6. d3 Nge7 7. Be3 Nd4 8. Qd2
O-O 9. O-O d6 10. f4 Bd7 11. h3 Qc7 12. Nd1 Rac8 13. c3 Nxe2+ 14. Qxe2 Bb5 15.
g4 f5 16. Nf2 fxe4 17. Nxe4 Nd5 18. Ng5 Nxe3 19. Qxe3 Rfe8 20. Nxe6 Qe7 21.
Rae1 Bh6 22. Bd5 Kh8 23. Qf3 Qd7 24. f5 Bc6 25. Bxc6 bxc6 26. g5 Bf8 27. Qg4
Re7 28. fxg6 hxg6 29. Rf6 Rce8 30. Qh4+ Rh7 31. Qf4 Bg7 32. Rf7 Qc8 33. Qxd6
Rxh3 34. Rxg7 Rxe6 35. Rxe6 Kxg7 36. Rxg6+ 1-0

[Event "Z19"]
[Site "Vinkovci"]
[Date "2017.07.28"]
[Round "5.1"]
[White "Petricevic, Marija"]
[Black "Blazeka, Mihaela"]
[Result "0-1"]
[WhiteElo "1610"]
[BlackElo "2101"]
[PlyCount "102"]
[EventDate "2017.07.24"]

1. d4 Nf6 2. Nf3 d5 3. Bf4 a6 4. e3 Nbd7 5. Bd3 c5 6. c3 g6 7. O-O Nh5 8. Bg3
Nxg3 9. hxg3 Bg7 10. Nbd2 O-O 11. a4 Rb8 12. Nh2 e5 13. dxe5 Nxe5 14. Be2 Re8
15. Nb3 b6 16. Nf3 Nc6 17. Re1 Bb7 18. Qd2 Qc7 19. Rad1 Rbd8 20. Qc2 Ne7 21.
Nc1 Nf5 22. Bf1 Nd6 23. Ne2 Ne4 24. Nf4 f5 25. Bd3 Qf7 26. Bxe4 fxe4 27. Ng5
Qf5 28. Ngh3 g5 29. Ne2 Bc8 30. Kh2 Re6 31. Rh1 Rh6 32. Kg1 Rf8 33. Rf1 Qg4 34.
Qd1 Qh5 35. Qxd5+ Be6 36. Qd1 Bc4 37. Re1 Kh8 38. b3 Bxe2 39. Qxe2 g4 40. Qxa6
gxh3 41. gxh3 Qf5 42. Qf1 Bxc3 43. Rc1 Be5 44. Qg2 Rd6 45. Qf1 Rd2 46. g4 Qf3
47. Qg2 Qxg2+ 48. Kxg2 Rfxf2+ 49. Kg1 Bh2+ 50. Rxh2 Rxh2 51. Rf1 Rdg2# 0-1

[Event "Z19"]
[Site "Vinkovci"]
[Date "2017.07.28"]
[Round "5.3"]
[White "Purkic, Ruza"]
[Black "Roklicer, Heike"]
[Result "0-1"]
[WhiteElo "1517"]
[BlackElo "2036"]
[PlyCount "76"]
[EventDate "2017.07.24"]

1. Nf3 Nf6 2. d4 d5 3. c4 c6 4. cxd5 cxd5 5. Nc3 Nc6 6. g3 Qb6 7. Na4 Qc7 8.
Bg2 Bf5 9. a3 e6 10. b4 Bd6 11. Bd2 Be4 12. e3 Bd3 13. Rc1 Qe7 14. Nb2 Be4 15.
O-O O-O 16. b5 Nb8 17. a4 Nbd7 18. Qb3 a6 19. a5 Rfc8 20. Nd3 axb5 21. Qxb5
Bxd3 22. Qxd3 Ne4 23. Qb5 Ndf6 24. Rfd1 Ng4 25. Be1 Rc7 26. Nd2 Nc3 27. Rxc3
Rxc3 28. Ne4 Rc7 29. Nxd6 Qxd6 30. Bb4 Qc6 31. Qe2 Nf6 32. Bd2 Qa4 33. Qe1 Rc2
34. Rb1 Qa2 35. Rd1 Rac8 36. h3 Rb2 37. Bc3 Re2 38. Qf1 Rxc3 0-1

[Event "Z19"]
[Site "Vinkovci"]
[Date "2017.07.29"]
[Round "6.3"]
[White "Batory, Lucija"]
[Black "Petricevic, Marija"]
[Result "1-0"]
[WhiteElo "1738"]
[BlackElo "1610"]
[PlyCount "57"]
[EventDate "2017.07.24"]

1. e4 c5 2. c3 Nf6 3. e5 Nd5 4. Bc4 Nb6 5. Bb3 Nc6 6. Nf3 d6 7. exd6 e6 8. O-O
Bxd6 9. d4 cxd4 10. Nxd4 Qc7 11. h3 O-O 12. a4 Nxd4 13. Qxd4 Rd8 14. Qe4 Bd7
15. Bg5 Re8 16. Bc2 g6 17. Nd2 Bc6 18. Qh4 Bf8 19. a5 Nd5 20. Ne4 f5 21. Nd2
Be7 22. Nf3 Bxg5 23. Qxg5 Qe7 24. Qg3 Nf6 25. Ne5 Be4 26. Bb3 Bd5 27. Bc2 Qc5
28. Nxg6 hxg6 29. Qxg6+ 1-0